LEADER 01141nam--2200373---4500 001 990000681830203316 005 20100104091754.0 010 $a88-204-9368-3 035 $a0068183 035 $aUSA010068183 035 $a(ALEPH)000068183USA01 035 $a0068183 100 $a20011015d1995----km-y0ENGy0103----ba 101 $aita 102 $aIT 200 1 $aEconomia al bivio$eseminari sui fondamenti dell'economia politica$fa cura di Gianfranco Sabbatini 210 $aMilano$cF. Angeli$dc1995 215 $a442 p.$d22 cm 225 2 $aEconomia$hSezione$v17 410 $12001$aEconomia$iSezione$v17 606 $aEconomia$xCongressi 676 $a330 702 1$aSABATTINI,$bGianfranco 801 0$aIT$bsalbc$gISBD 912 $a990000681830203316 951 $aXXX.B. Coll. 77/ 3 (COLL. PLS 17)$b3950 EC$cXXX.B. Coll. 77/ 3 (COLL. PLS)$d00262869 959 $aBK 969 $aECO 979 $aPATTY$b90$c20011015$lUSA01$h2041 979 $c20020403$lUSA01$h1717 979 $aPATRY$b90$c20040406$lUSA01$h1647 979 $aRSIAV2$b90$c20100104$lUSA01$h0917 996 $aEconomia al bivio$961370 997 $aUNISA LEADER 01563nam a2200337 i 4500 001 991001113339707536 008 050613s2005 riua b 100 0 eng d 020 $a0821833618 035 $ab13322485-39ule_inst 040 $aDip.to Matematica$beng 082 04$a515.353$222 084 $aLC QA377.N35 084 $aAMS 53-06 084 $aAMS 53C44 084 $aAMS 57-06 084 $aAMS 00B25 111 2 $aNational Center for Theoretical Sciences Workshop on Geometric Evolution Equations$n<1. ;$d2002 ;$cHsin-chu shih, Taiwan>$0622462 245 10$aGeometric evolution equations :$bNational Center for Theoretical Sciences Workshop on Geometric Evolution Equations, National Tsing Hua University, Hsinchu, Taiwan, July 15-August 14, 2002 /$cShu-Cheng Chang ... [et al.], editors 260 $aProvidence, R.I. :$bAmerican Mathematical Society,$cc2005 300 $ax, 235 p. :$bill. ;$c26 cm 440 0$aContemporary mathematics,$x0271-4132 ;$v367 504 $aIncludes bibliographical references 650 0$aEvolution equations, Nonlinear$xNumerical solutions$vCongresses 650 0$aGeometry, Algebraic$vCongresses 700 1 $aChang, Shu-Cheng$eauthor$4http://id.loc.gov/vocabulary/relators/aut$0737949 907 $a.b13322485$b16-11-06$c23-06-05 912 $a991001113339707536 945 $aLE013 53-XX CHA31 (2005)$g1$i2013000290645$lle013$op$pE67.20$q-$rl$s- $t0$u0$v0$w0$x0$y.i14120999$z01-09-05 996 $aGeometric evolution equations$91461430 997 $aUNISALENTO 998 $ale013$b13-06-05$cm$da $e-$feng$griu$h0$i0